| 000 | 00504nam a2200181Ia 4500 | ||
|---|---|---|---|
| 008 | 130318s9999 xx 000 0 und d | ||
| 020 | _a444502041 | ||
| 082 | _a570.2 BER/C | ||
| 100 | _aBernardi, G | ||
| 245 | _aComputational methods in molecular biology | ||
| 260 |
_bElsevier _aAmsterdam _c1998 |
||
| 300 | _a371 | ||
| 440 | _aNew Comprehensive Biochemistry Volume 32 | ||
| 650 | _aCOMPUTATIONAL BIOLOGY | ||
| 650 | _aMOLECULAR BIOLOGY | ||
| 700 | _aSalzberg, Steven L | ||
| 700 | _aSearls, D.B | ||
| 999 |
_c1441 _d1441 |
||